Score 0/23 Timer 05:00
1 Play Today
Question Answer Wrong Answers
Which K Author is This? Stephen King
93.8%
Franz Kafka
1.2%
Rudyard Kipling
0.6%
Which G Author is This? Gabriel García Márquez
91.5%
John Grisham
2.2%
William Golding
2.9%
Which H Author is This? Ernest Hemingway
91%
Homer
0.9%
Victor Hugo
4.5%
Which M Author is This? George R. R. Martin
90%
Herman Melville
3.6%
John Milton
1.5%
Which W Author is This? Oscar Wilde
89.8%
H. G. Wells
3.6%
William Wordsworth
1.7%
Which P Author is This? Edgar Allan Poe
88.7%
Plato
1.1%
Marcel Proust
5.3%
Which T Author is This? Mark Twain
87.5%
J. R. R. Tolkien
2.9%
Leo Tolstoy
4.7%
Which F Author is This? F. Scott Fitzgerald
86.1%
William Faulkner
7%
Robert Frost
4%
Which R Author is This? Salman Rushdie
84.9%
Arthur Rimbaud
3%
Bertrand Russell
7%
Which C Author is This? Truman Capote
83.5%
Lewis Carroll
10.2%
Anton Chekhov
5.2%
Which O Author is This? George Orwell
83.2%
Eugene O'Neill
10.6%
Kenzaburō Ōe
1.3%
Which J Author is This? James Joyce
80.3%
Henry James
10.9%
Samuel Johnson
4.1%
Which V Author is This? Jules Verne
78.6%
Voltaire
7.7%
Kurt Vonnegut
8.7%
Which E Author is This? Umberto Eco
75.2%
T. S. Eliot
9.8%
Ralph Waldo Emerson
12.5%
Which D Author is This? Charles Dickens
74.1%
Roald Dahl
2.9%
Fyodor Dostoevsky
21.5%
Which Z Author is This? Émile Zola
73.4%
Stefan Zweig
11.9%
Yevgeny Zamyatin
9.6%
Which S Author is This? John Steinbeck
72.1%
William Shakespeare
1.1%
J. D. Salinger
22.1%
Which N Author is This? Friedrich Nietzsche
70.4%
Vladimir Nabokov
22.7%
V. S. Naipaul
1.9%
Which U Author is This? John Updike
69.9%
Tomi Ungerer
6.3%
Leon Uris
19%
Which B Author is This? Samuel Beckett
65.6%
Ray Bradbury
21.9%
Jorge Luis Borges
12%
Which A Author is This? Shmuel Yosef Agnon
65%
Isaac Asimov
25.2%
Miguel Ángel Asturias
9.4%
Which I Author is This? Henrik Ibsen
63.5%
Washington Irving
29.4%
Kazuo Ishiguro
2.7%
Which L Author is This? Jack London
46.2%
D. H. Lawrence
32.4%
H. P. Lovecraft
16.6%
Remove Ads.
Support Sporcle.
Get the best of Sporcle when you Go Orange. This ad-free experience offers more features, more stats, and more fun while also helping to support Sporcle. Thank you for becoming a member.

You're not logged in!

Compare scores with friends on all Sporcle quizzes.
OR
Log In

Sporcle TV

Today on Sporcle TV


Watch our educational content, quiz creation guides, and fun videos on Sporcle TV.

Show Comments

Extras

Top Quizzes Today


Score Distribution

Paid Content

Your Account Isn't Verified!

In order to create a playlist on Sporcle, you need to verify the email address you used during registration. Go to your Sporcle Settings to finish the process.

Report this User

Report this user for behavior that violates our Community Guidelines.

Details: